00605nam a22001815i 4500001000700000003000900007005001700016008004100033080001300074100003500087245011400122260002900236300002100265650002500286700002200311700002400333852006600357170137ES-MaACL20250518063240.0090205s1927 fr |||| | fre d a78.089.11 aHalévy, Ludovic, d1834-190810aPomme d'Api b: opérette en un acte / cLudovic Halévy et William Busnach ; musique de Jacques Offenbach. aParis : bStock, c1927. a32 p. ; c18 cm.14aOperetas-vLibretos.1 aBusnach, William.0 aOffenbach, Jacques. aES-MaACLj2246-F-1 z.- Biblioteca Jacinto Martínez Lacalle